00543nam a2200217Ia 4500008004100000020001800041050001500059050001400074100002100088245002900109245002000138260001700158260004000175260000900215300001700224300002000241300001200261500002000273650001900293650001300312180523s9999 xx 000 0 und d a971-23-4038-4 aMAIN QM 23 b.S56 2002 aSignh, Inderbir. 0aEssentials of anatomy /  0cInderbir Singh. aNew Delhi :  bJaypee Brothers Medical Publishers, c2002 a536 pages :  billustrations ; c28 cm.  aIncludes index. aHuman anatomy. xAnatomy.